| 000 | 00727cab a2200265 4500 | ||
|---|---|---|---|
| 001 | ABS51518 | ||
| 008 | 090401t1994 xxu||||| |||| 00| 0 eng d | ||
| 035 | _a(Sirsi) u31489 | ||
| 041 | _aeng | ||
| 100 | _aRose, M. | ||
| 245 | _aMasonry parapets: head on collision | ||
| 260 | _c1994 | ||
| 350 | _a0 | ||
| 490 |
_aSurveyor _v181(5310) 29 September 1994, 19-21(2) |
||
| 520 | _aReports the results of safety tests on the restraining capabilities of masonry bridge parapets. | ||
| 650 | _aBD 52/93 | ||
| 650 | _aBE5 | ||
| 650 | _aBRIDGES | ||
| 650 | _aMASONRY PARAPETS | ||
| 650 | _aREINFORCEMENT | ||
| 650 | _aSTRENGTH | ||
| 690 | _aBUILT ENVIRONMENT-BUILDING STANDARDS | ||
| 942 | _n0 | ||
| 948 | _c04/03/1997 | ||
| 999 |
_c21142 _d21142 |
||